000 00359nam a2200145Ia 4500
008 150201s2011 xx 000 0 und d
082 _a616.0707
_bO2011R
100 _aRAJENDRAN,R.
245 _aSHAFERS TEXT BOOK OF ORAL PATHOLOGY
250 _a6TH
260 _bELSEVIER
_aDELHI
_c2011
300 _a1-963
650 _aORAL PATHOLOGY
942 _2ddc
_cBK
_015
999 _c4692
_d4692